000 00415nam a2200145Ia 4500
008 151021s9999 xx 000 0 und d
020 _a9.7818470326e+012
050 _aK 4430 W66 2008
245 _a_Law and Practice of international Finance
260 _aLondon Thomson Reuters 2008
300 _axxx,600p.
500 _aIncludes index
650 _a_Law and practice
980 _a^d20110317 03:18:52^okorir
999 _c6851
_d6851